00623nam a22001577a 4500020001600000040001600016082001200032100002500044245015400069260003500223300002700258650004600285942001300331999001900344952010200363 qHard Cover. cSINES-NUST, a004-Tah aSamia Tahira.991004 aStructural, Electronic and Magnetic Properties of 2D MXene Monolayer for Energy Storage Applications:bA Computational Investigation /cTahira, Samia aIslamabad:bSINES-NUST,c2022. a74 p. :bill. ;c30cm. 2MS-Computational Science and Engineering. 2ddccTHE c589202d589202 00102ddc4070aRCMSbRCMScTHEd2022-04-19l0o004-TahpRCMS003319r2022-04-19w2022-04-19yREF